| 000 | 01086nam a2200229 a 4500 | ||
|---|---|---|---|
| 001 | BRCA_3012 | ||
| 005 | 20190320204053.0 | ||
| 008 | 200109s2008----mx-a---###---#000-0#spa-# | ||
| 041 | _aspa | ||
| 044 | _amx | ||
| 050 | 4 |
_aNC1807.M4 _b.B54 10 _c2008 |
|
| 245 | 1 | 0 | _a10 [i.e. Décima] Bienal Internacional del Cartel en México = Tenth International Biennial of the Poster in Mexico = Dixième Biennale Internationale de L´Affiche au Mexique. |
| 260 |
_aMéxico _bCONACULTA : Universidad Veracruzana : Museo Franz Mayer : Trama Visual A.C. / Icograda _c2008 |
||
| 300 |
_a211 p. _bil. a color _c30 cm. |
||
| 500 | _aCatálogo de la exposición realizada en el Museo Franz Mayer (Ciudad de México), 28 octubre, 2008 - 1 febrero, 2009 | ||
| 546 | _aTexto en : español, inglés, francés y japonés | ||
| 650 | 1 | 4 |
_aCarteles _vConcursos _xDiseño _zMéxico _98305 |
| 650 | 1 | 4 |
_aDiseñadores gráficos _vExposiciones _zMéxico _98306 |
| 740 | 0 | _aTenth International Biennial of the Poster in Mexico | |
| 740 | 0 | _aDixième Biennale Internationale de L´Affiche au Mexique | |
| 942 |
_2lcc _cB |
||
| 999 |
_c2750 _d2750 |
||